Mozart - Mort subite - Statistiques

Statistiques générales
  • Ce quiz a été pris 147 fois
  • Le résultat moyen est 5 sur 9
Answers on the Grid
Answers color-coded by a green-red scale on the quiz's grid according to % correct below.
Requiem
Orphée / Orfeo
Le Beau Danube Bleu / The Blue Danube Waltz
Lettre à Elise (Für Elise)
Nabucco
La Flûte Enchantée / Die Zauberflöte
Passion Selon Saint-Matthieu
Le Messie / Messiah
Les Quatre Saisons / Quattro Stagioni
Le Barbier de Séville
Le Lac des Cygnes / Swan Lake
Les Noces de Figaro / Le nozze di Figaro
La fausse jardinière / La finta giardiniera
Les Indes Galantes
Toccata et Fugue
Don Juan / Don Giovanni
La Marche turque (Sonate pour piano no 11 en la majeur)
Nocturne Op.9 n°1
Petite Musique du Nuit / Eine Kleine Nachtmusik
Romeo et Juliette / Romeo e Giulietta
Carmen
L'Arlésienne
La Chevauchée des Walkyries
Symphonie n°40
L’Enlèvement au sérail / Die Entführung aus dem Serail
Ode à la Joie / The Ode to Joy
Thriller
 
Statistiques - réponses
Réponse % Correct
Requiem
91%
La Flûte Enchantée / Die Zauberflöte
79%
Les Noces de Figaro / Le nozze di Figaro
57%
La Marche turque (Sonate pour piano no 11 en la majeur)
53%
Don Juan / Don Giovanni
43%
L’Enlèvement au sérail / Die Entführung aus dem Serail
40%
Petite Musique du Nuit / Eine Kleine Nachtmusik
40%
Symphonie n°40
38%
La fausse jardinière / La finta giardiniera
15%
Aucun quiz correspondant
Distribution des résultats
% des personnes avec chaque résultat
Percentile par nombre de réponses
Votre historique - résultats
Vous n’avez pas pris ce quiz